Completely Useless Quiz Stats

 Plays Quiz not verified by Sporcle

Also try: Beer Logos
Challenge
Share
Tweet
Embed
Score 0/10 Timer 03:00
0 Plays Today
Hint Answer % Correct
You don't need a hintLlama
100%
You don't need a hintsLlamas
50%
Data will save automatically when you stop editing each cell (box color turns back to white).Fireplace
25%
Go play Agar.ioEgg
25%
Datas will save automatically when you stop editing each cells (boxes color turns back to whites).Fireplaces
25%
Only 4 moremicrosoft
25%
Go play Agar.iosEggs
0%
Only 3 moreTreehouse
0%
only 2 more '/' (ex. Face
0%
Second last one cuz you didnt get the one aboveCheese
0%

You're not logged in!

Compare scores with friends on all Sporcle quizzes.
Join for Free
OR
Log In

You Might Also Like...

Show Comments

Extras

Created Dec 27, 2015ReportNominate
Tags:item, useless

Top Quizzes Today


Score Distribution

Your Account Isn't Verified!

In order to create a playlist on Sporcle, you need to verify the email address you used during registration. Go to your Sporcle Settings to finish the process.

Report this User

Report this user for behavior that violates our Community Guidelines.

Details: